000 00553nam a2200193Ia 4500
005 20250508161858.0
008 008 250505s9999 xx 000 0 eng d
037 _aTextual
040 _aFEDL
_beng
_cFEDL
041 _aeng
_2eng
084 _a370973, PER
_qFEDL
100 _aPerkinson Henry
_9771735
245 0 _aTwo hundred years of American educational thought
260 _aNew York, USA
_bDavid Mckay Company
_c1976
300 _axi,367p.
650 _aEducation
942 _cTEXL
_h370973, PER
999 _c1372889
_d1372889